000 01238cam a2200301 i 4500
999 _c5697
_d5697
001 3679246
003 OSt
005 20220609135129.0
008 770915s1976 mdua b f100 0 eng
010 _a 77602070
040 _aDLC
_cALUPE UNIVERSITY
_dDLC
043 _aew-----
050 0 0 _aRA483
_b.H43 1975
082 0 0 _a362.1/094
245 0 0 _aHealth services systems in the European Economic Community :
_bseminar proceedings.
260 _aRockville, Md. :
_bU.S. Dept. of Health, Education, and Welfare, Public Health Service, Health Resources Administration,
_cc1975
300 _ax, 215 p. :
_bills. ;
_c23 cm.
490 1 _aDHEW publication ; no. (HRA) 76-638
500 _a"Sponsored by the American College of Hospital Administrators."
504 _aIncludes bibliographical references.
650 0 _aMedical policy
_zEuropean Economic Community countries
_xCongresses.
650 0 _aMedical care
_zEuropean Economic Community countries
_xCongresses.
650 0 _aHospitals
_zEuropean Economic Community countries
_xCongresses.
710 2 _aAmerican College of Hospital Administrators.
830 0 _aDHEW publication ;
_vno. (HRA) 76-638.
906 _a7
_bcbc
_corignew
_d3
_encip
_f19
_gy-gencatlg
942 _2lcc
_cBK
_nAB